[Event "Cali Valle Colombia op-A"]
[Site "Cali Valle Colombia"]
[Date "2022.12.26"]
[Round "2"]
[White "Paredes Lagos, Anthony Javier"]
[Black "Aguero Jimenez, Luis Lazaro"]
[Result "1/2-1/2"]
[WhiteElo "2217"]
[BlackElo "2465"]
[PlyCount "90"]
[EventDate "2022.12.26"]
[EventType "swiss"]
[EventRounds "9"]
[EventCountry "COL"]
[SourceTitle "CBM 211 Extra"]
[Source "ChessBase"]
[SourceDate "2023.01.31"]
[SourceVersion "1"]
[SourceVersionDate "2023.01.31"]
[SourceQuality "1"]

1. e4 c5 2. Nf3 e6 3. g3 Nc6 4. Bg2 Nf6 5. Qe2 e5 6. 0-0 Be7 7. Na3 0-0 8. Nc4 d6 9. a4 Rb8 10. d3 Re8 11. Bg5 Bg4 12. Bxf6 Bxf6 13. Ne3 Be6 14. Nd2 a6 15. Nb1 b5 16. axb5 axb5 17. Nc3 g6 18. Ncd5 Bg7 19. c3 Qc8 20. Ra2 Qb7 21. Rfa1 Ra8 22. Qd1 Rxa2 23. Rxa2 f5 24. exf5 gxf5 25. Qh5 Rf8 26. Bh3 Ne7 27. Nxe7+ Qxe7 28. c4 Qd7 29. b3 bxc4 30. bxc4 Kh8 31. Qf3 f4 32. Bxe6 Qxe6 33. Ra8 Qg8 34. Rxf8 Qxf8 35. Nd5 fxg3 36. Qxf8+ Bxf8 37. fxg3 Kg7 38. Kf2 Kf7 39. Kf3 Ke6 40. Ke4 Bh6 41. Nc3 Bd2 42. Ne2 Bg5 43. Ng1 Bd8 44. g4 Bg5 45. Nf3 h6 1/2-1/2

[Event "Palmira Fortalece Sede"]
[Site "Palmira"]
[Date "2022.12.17"]
[Round "8"]
[White "Aguero Jimenez, Luis Lazaro"]
[Black "Avila Pavas, Santiago"]
[Result "1/2-1/2"]
[WhiteElo "2465"]
[BlackElo "2472"]
[PlyCount "99"]
[EventDate "2022.12.13"]
[EventType "swiss"]
[EventRounds "10"]
[EventCountry "COL"]
[SourceTitle "CBM 211 Extra"]
[Source "ChessBase"]
[SourceDate "2023.01.31"]
[SourceVersion "1"]
[SourceVersionDate "2023.01.31"]
[SourceQuality "1"]

1. Nf3 d5 2. g3 Bg4 3. Bg2 Nd7 4. d4 c6 5. 0-0 e6 6. Nbd2 Ngf6 7. c4 Be7 8. h3 Bh5 9. Qb3 Qb6 10. c5 Qc7 11. Qc3 a5 12. b3 b6 13. cxb6 Qxb6 14. Bb2 0-0 15. Rfc1 Rfc8 16. g4 Bg6 17. Nh4 Ne4 18. Bxe4 Bxh4 19. Bxg6 hxg6 20. e3 Be7 21. Rc2 Qa6 22. Rcc1 Bb4 23. Qc2 c5 24. Qd1 Qd3 25. Nf3 Qxd1+ 26. Rxd1 c4 27. a3 Bf8 28. bxc4 Rxc4 29. Rdc1 Nb6 30. Ne5 Rxc1+ 31. Bxc1 a4 32. Rb1 Ra6 33. Kf1 Bd6 34. Ke2 g5 35. Nd3 Nc4 36. Nc5 Bxc5 37. dxc5 Ra5 38. Rb8+ Kh7 39. Rc8 Rb5 40. c6 Rc5 41. Bd2 Nxd2 42. Kxd2 Kg6 43. Ra8 Rxc6 44. Rxa4 Rc8 45. e4 Rh8 46. exd5 exd5 47. Rd4 Rxh3 48. Rd3 Rh4 49. f3 f5 50. gxf5+ 1/2-1/2

[Event "Palmira Fortalece Sede"]
[Site "Palmira"]
[Date "2022.12.15"]
[Round "5"]
[White "Mateus Urbano, Luis Alejandro"]
[Black "Aguero Jimenez, Luis Lazaro"]
[Result "1/2-1/2"]
[WhiteElo "2300"]
[BlackElo "2465"]
[PlyCount "77"]
[EventDate "2022.12.13"]
[EventType "swiss"]
[EventRounds "10"]
[EventCountry "COL"]
[SourceTitle "CBM 211 Extra"]
[Source "ChessBase"]
[SourceDate "2023.01.31"]
[SourceVersion "1"]
[SourceVersionDate "2023.01.31"]
[SourceQuality "1"]

1. e4 c5 2. Nf3 d6 3. d4 cxd4 4. Nxd4 Nf6 5. Nc3 a6 6. Bg5 e6 7. f4 Be7 8. Qf3 h6 9. Bh4 Qc7 10. 0-0-0 Nbd7 11. g4 g5 12. e5 gxh4 13. exf6 Bxf6 14. Qe3 Nb6 15. g5 hxg5 16. fxg5 Be5 17. g6 fxg6 18. Bd3 Qg7 19. Rhg1 Qh6 20. Bxg6+ Ke7 21. Qxh6 Rxh6 22. Nf3 Bxc3 23. bxc3 Bd7 24. Be4 d5 25. Ne5 Bb5 26. Bd3 Bxd3 27. cxd3 Rh7 28. Rg4 Kd6 29. Nf3 Rc8 30. Kd2 Rf7 31. Rb1 Nd7 32. Ng5 Rf2+ 33. Ke3 Rxh2 34. Rxb7 Rxc3 35. Nf7+ Kc6 36. Nd8+ Kd6 37. Nf7+ Kc6 38. Nd8+ Kd6 39. Nf7+ 1/2-1/2

[Event "Palmira Fortalece Sede"]
[Site "Palmira"]
[Date "2022.12.14"]
[Round "3"]
[White "Argote Heredia, Valentina"]
[Black "Aguero Jimenez, Luis Lazaro"]
[Result "0-1"]
[WhiteElo "2165"]
[BlackElo "2465"]
[PlyCount "88"]
[EventDate "2022.12.13"]
[EventType "swiss"]
[EventRounds "10"]
[EventCountry "COL"]
[SourceTitle "CBM 211 Extra"]
[Source "ChessBase"]
[SourceDate "2023.01.31"]
[SourceVersion "1"]
[SourceVersionDate "2023.01.31"]
[SourceQuality "1"]

1. e4 c5 2. Nf3 Nc6 3. d4 cxd4 4. Nxd4 e5 5. Nb5 d6 6. c4 Be7 7. N5c3 Nf6 8. Bd3 0-0 9. 0-0 Nd7 10. Nd5 Bg5 11. Nbc3 Bxc1 12. Rxc1 Nc5 13. Bb1 Qg5 14. Ne2 Bg4 15. f3 Bd7 16. Rc3 Kh8 17. Kh1 a5 18. b3 Rab8 19. a3 Be6 20. b4 axb4 21. axb4 Nd7 22. b5 Na5 23. f4 exf4 24. Nexf4 Qe5 25. Nd3 Qd4 26. Rc1 Nxc4 27. Qa4 Bxd5 28. exd5 Ndb6 29. Qb4 Qxd5 30. Nf4 Qc5 31. Qb3 Qa3 32. Qc2 g6 33. Qe4 Qc5 34. Qe7 Qe5 35. Qh4 Qg7 36. Qf2 Rfe8 37. Bd3 Rbc8 38. Bxc4 Nxc4 39. Nd5 f5 40. h3 Rc5 41. Rfe1 Re5 42. Rxe5 Qxe5 43. Qh4 Qxd5 44. Qf6+ Kg8 0-1

[Event "Jamundi Fortalece Sede op"]
[Site "Jamundi"]
[Date "2022.12.09"]
[Round "7"]
[White "Aguero Jimenez, Luis Lazaro"]
[Black "Zuluaga Mancilla, Cesar"]
[Result "1-0"]
[WhiteElo "2465"]
[BlackElo "2233"]
[PlyCount "100"]
[EventDate "2022.12.05"]
[EventType "swiss"]
[EventRounds "10"]
[EventCountry "COL"]
[SourceTitle "CBM 211 Extra"]
[Source "ChessBase"]
[SourceDate "2023.01.31"]
[SourceVersion "1"]
[SourceVersionDate "2023.01.31"]
[SourceQuality "1"]

1. Nf3 d5 2. c4 c6 3. d4 Nf6 4. Nc3 e6 5. e3 Nbd7 6. Bd3 Be7 7. 0-0 0-0 8. e4 dxe4 9. Nxe4 Nxe4 10. Bxe4 Nf6 11. Bc2 c5 12. Qd3 cxd4 13. Bg5 g6 14. Rad1 Nh5 15. Bh6 Ng7 16. Nxd4 e5 17. Qc3 exd4 18. Rxd4 Bf6 19. Rxd8 Bxc3 20. Rxf8+ Kxf8 21. bxc3 Be6 22. Rb1 b6 23. c5 bxc5 24. a4 Kg8 25. Bf4 Bc4 26. Bb8 Bd5 27. a5 a6 28. Rb6 c4 29. f3 Ne6 30. Bd6 h5 31. h4 Kg7 32. Kf2 Kg8 33. Ke3 f5 34. Ba4 Kf7 35. g3 Ra7 36. f4 Ra8 37. Bc6 Bxc6 38. Rxc6 Ra7 39. Rxc4 Ke8 40. Be5 Kd7 41. Rb4 Nd8 42. Rd4+ Ke7 43. Bf6+ Kxf6 44. Rxd8 Ke7 45. Rb8 Rc7 46. Kd4 Rd7+ 47. Kc4 Rc7+ 48. Kb4 Kd6 49. c4 Rc6 50. Rb6 Kc7 1-0

[Event "Jamundi Fortalece Sede op"]
[Site "Jamundi"]
[Date "2022.12.09"]
[Round "8"]
[White "Henriquez Villagra, Cristobal"]
[Black "Aguero Jimenez, Luis Lazaro"]
[Result "1-0"]
[WhiteElo "2587"]
[BlackElo "2465"]
[PlyCount "125"]
[EventDate "2022.12.05"]
[EventType "swiss"]
[EventRounds "10"]
[EventCountry "COL"]
[SourceTitle "CBM 211 Extra"]
[Source "ChessBase"]
[SourceDate "2023.01.31"]
[SourceVersion "1"]
[SourceVersionDate "2023.01.31"]
[SourceQuality "1"]

1. e4 e5 2. Nf3 Nf6 3. Nxe5 d6 4. Nf3 Nxe4 5. c4 Be7 6. d4 d5 7. Nc3 Nxc3 8. bxc3 0-0 9. Bd3 dxc4 10. Bxc4 Nc6 11. 0-0 Bf5 12. Re1 Bd6 13. h3 h6 14. Bb5 Qf6 15. Be3 a6 16. Bd3 Rfe8 17. a4 Ne7 18. Bxf5 Nxf5 19. Qd3 Re7 20. Rab1 b6 21. Bd2 Nh4 22. Nxh4 Qxh4 23. Kf1 Qf6 24. Ra1 a5 25. Rxe7 Qxe7 26. Qb5 Qe8 27. Qxe8+ Rxe8 28. Rb1 Be7 29. Rb5 Rd8 30. Ke2 Kf8 31. g3 Ke8 32. h4 Kd7 33. Be3 Kc6 34. c4 Bd6 35. Rf5 Rf8 36. h5 Kd7 37. Kd3 Bb4 38. Rd5+ Kc8 39. Rb5 Kd7 40. g4 Bd6 41. Rf5 Bb4 42. Rd5+ Kc8 43. Rb5 Kd7 44. Rf5 f6 45. Rf4 Rb8 46. d5 Bd6 47. Re4 Be5 48. Bd4 Bxd4 49. Kxd4 Rf8 50. f3 Rf7 51. Re6 f5 52. Rg6 fxg4 53. fxg4 Re7 54. c5 bxc5+ 55. Kxc5 Kc8 56. Kb5 Re5 57. Kc6 Re7 58. Re6 Rd7 59. Re8+ Rd8 60. Rxd8+ Kxd8 61. Kb5 Kd7 62. Kxa5 Kd6 63. Kb5 1-0

[Event "Jamundi Fortalece Sede op"]
[Site "Jamundi"]
[Date "2022.12.06"]
[Round "3"]
[White "Aguero Jimenez, Luis Lazaro"]
[Black "Malka, Samuel"]
[Result "1/2-1/2"]
[WhiteElo "2465"]
[BlackElo "2265"]
[PlyCount "78"]
[EventDate "2022.12.05"]
[EventType "swiss"]
[EventRounds "10"]
[EventCountry "COL"]
[SourceTitle "CBM 211 Extra"]
[Source "ChessBase"]
[SourceDate "2023.01.31"]
[SourceVersion "1"]
[SourceVersionDate "2023.01.31"]
[SourceQuality "1"]

1. Nf3 Nf6 2. g3 g6 3. Bg2 Bg7 4. 0-0 0-0 5. d4 d6 6. Nc3 Nbd7 7. e4 e5 8. h3 b6 9. Re1 Bb7 10. a4 a5 11. Nd5 Nxd5 12. exd5 h6 13. dxe5 dxe5 14. Be3 Kh7 15. d6 c6 16. Nd2 f5 17. Nc4 e4 18. Qd2 c5 19. h4 Qf6 20. Red1 Qe6 21. Bf1 Ne5 22. Nxe5 Bxe5 23. Bf4 Rad8 24. Bb5 g5 25. hxg5 hxg5 26. Bxe5 Qxe5 27. Qxg5 Rxd6 28. Rxd6 Qxd6 29. Qh5+ Qh6 30. Qxh6+ Kxh6 31. Rd1 Rf6 32. Kf1 Kg5 33. Ke2 f4 34. Rd7 Bc8 35. Rd5+ Kg4 36. Bd7+ Bxd7 37. Rxd7 fxg3 38. Rg7+ Kf4 39. fxg3+ Ke5 1/2-1/2

[Event "Catalunya-chT Gp1"]
[Site "Barcelona"]
[Date "2022.02.12"]
[Round "4.1"]
[White "Jerez Perez, Alfonso"]
[Black "Aguero Jimenez, Luis Lazaro"]
[Result "1/2-1/2"]
[WhiteElo "2347"]
[BlackElo "2503"]
[PlyCount "81"]
[EventDate "2022.01.22"]
[EventType "team-tourn"]
[EventRounds "9"]
[EventCountry "ESP"]
[SourceTitle "CBM 208 Extra"]
[Source "ChessBase"]
[SourceDate "2022.07.31"]
[SourceVersion "1"]
[SourceVersionDate "2022.07.31"]
[SourceQuality "1"]
[WhiteTeam "Foment Martinenc"]
[BlackTeam "Sant Cugat"]
[WhiteTeamCountry "ESP"]
[BlackTeamCountry "ESP"]

1. e4 c5 2. c3 Nf6 3. e5 Nd5 4. Nf3 e6 5. d4 cxd4 6. cxd4 d6 7. Bc4 Nb6 8. Bd3 Nc6 9. 0-0 dxe5 10. dxe5 Nb4 11. Be4 Qxd1 12. Rxd1 N4d5 13. a4 Bd7 14. a5 Na4 15. Bxd5 exd5 16. Nc3 Nxc3 17. bxc3 Rc8 18. Rb1 Ba4 19. Rd4 Bc6 20. Be3 Bc5 21. Rd3 b6 22. axb6 axb6 23. Nd4 Bd7 24. Ra1 0-0 25. h3 Ra8 26. Rxa8 Rxa8 27. Nb3 Bxe3 28. Rxe3 h5 29. Nd4 Ra2 30. Re2 Ra3 31. Rb2 Rxc3 32. Rxb6 Rc4 33. e6 fxe6 34. Nxe6 Bxe6 35. Rxe6 h4 36. Kf1 Kf7 37. Rd6 Rd4 38. Ke2 Ke7 39. Rg6 Kf7 40. Rd6 Ke7 41. Rg6 1/2-1/2

[Event "Catalunya-chT Gp1"]
[Site "Barcelona"]
[Date "2022.02.05"]
[Round "3.1"]
[White "Aguero Jimenez, Luis Lazaro"]
[Black "Garriga Cazorla, Pere"]
[Result "0-1"]
[WhiteElo "2503"]
[BlackElo "2489"]
[PlyCount "70"]
[EventDate "2022.01.22"]
[EventType "team-tourn"]
[EventRounds "9"]
[EventCountry "ESP"]
[SourceTitle "CBM 206 Extra"]
[Source "ChessBase"]
[SourceDate "2022.03.31"]
[SourceVersion "1"]
[SourceVersionDate "2022.03.31"]
[SourceQuality "1"]
[WhiteTeam "Sant Cugat"]
[BlackTeam "Mollet"]
[WhiteTeamCountry "ESP"]
[BlackTeamCountry "ESP"]

1. e4 c5 2. Ne2 Nc6 3. d4 cxd4 4. Nxd4 e6 5. Nb5 d6 6. c4 Nf6 7. N1c3 a6 8. Na3 Be7 9. Be2 0-0 10. 0-0 b6 11. Be3 Bb7 12. Qb3 Nd7 13. Rfd1 Nc5 14. Qc2 Bf6 15. Rac1 Be5 16. Nab1 f5 17. f4 Bf6 18. b4 Nxe4 19. Nxe4 fxe4 20. Qxe4 Qe7 21. Qc2 e5 22. Bxb6 exf4 23. Bf3 Rae8 24. Qd2 Kh8 25. Qd5 Bb2 26. b5 Nd8 27. Qd2 Bxc1 28. Rxc1 Bxf3 29. gxf3 axb5 30. Nc3 bxc4 31. Ne4 Nf7 32. Kg2 Qe6 33. Qd4 d5 34. Nf2 Nh6 35. a4 Nf5 0-1

[Event "FIDE World Cup American Qual Gp5"]
[Site "Tornelo INT"]
[Date "2021.05.25"]
[Round "2.2"]
[White "Munoz Monroy, Cinthya Carolina"]
[Black "Aguero Jimenez, Luis Lazaro"]
[Result "0-1"]
[WhiteElo "1969"]
[BlackElo "2503"]
[PlyCount "58"]
[EventDate "2021.05.22"]
[EventType "k.o. (rapid)"]
[EventRounds "4"]
[EventCountry "USA"]
[SourceTitle "CBM 202 Extra"]
[Source "ChessBase"]
[SourceDate "2021.07.31"]
[SourceVersion "1"]
[SourceVersionDate "2021.07.31"]
[SourceQuality "1"]

1. e4 c6 2. d4 d5 3. Nc3 dxe4 4. Nxe4 Nd7 5. Nf3 Ngf6 6. Ng3 c5 7. Bc4 cxd4 8. Qxd4 Qb6 9. Qh4 Ne5 10. Nxe5 Qa5+ 11. c3 Qxe5+ 12. Be3 e6 13. 0-0-0 Be7 14. Bd4 Qa5 15. Rhe1 Bd7 16. Re5 Qc7 17. Bb3 Bc6 18. Rde1 Nd7 19. Rxe6 fxe6 20. Rxe6 Nf8 21. Bxg7 Nxe6 22. Qh5+ Kd8 23. Bxe6 Qf4+ 24. Kc2 Bg5 25. Bxh8 Ba4+ 26. Kd3 Qd2+ 27. Kc4 b5+ 28. Kb4 Qd6+ 29. Ka5 Qb6+ 0-1

[Event "Catalunya-chT Gp1"]
[Site "Barcelona"]
[Date "2020.02.29"]
[Round "7.1"]
[White "Jerez Perez, Alfonso"]
[Black "Aguero Jimenez, Luis Lazaro"]
[Result "0-1"]
[WhiteElo "2387"]
[BlackElo "2495"]
[PlyCount "136"]
[EventDate "2020.01.18"]
[EventType "team-tourn"]
[EventRounds "7"]
[EventCountry "ESP"]
[SourceTitle "CBM 195 Extra"]
[Source "ChessBase"]
[SourceDate "2020.05.31"]
[SourceVersion "1"]
[SourceVersionDate "2020.05.31"]
[SourceQuality "1"]
[WhiteTeam "Foment Martinenc"]
[BlackTeam "Sant Cugat"]
[WhiteTeamCountry "ESP"]
[BlackTeamCountry "ESP"]

1. e4 c5 2. c3 Nf6 3. e5 Nd5 4. Nf3 Nc6 5. Bc4 Nb6 6. Bb3 c4 7. Bc2 d6 8. exd6 e5 9. 0-0 Bxd6 10. d4 cxd3 11. Qxd3 Be6 12. Rd1 Be7 13. Qxd8+ Rxd8 14. Rxd8+ Kxd8 15. b3 Kc7 16. Bb2 Rd8 17. Na3 f5 18. Rd1 a6 19. Rxd8 Bxd8 20. c4 Bf6 21. Bb1 Nd7 22. Nc2 b5 23. Ne3 g6 24. cxb5 axb5 25. Nd2 Be7 26. a4 bxa4 27. bxa4 Bb4 28. Nf3 Kd6 29. Bc2 Nc5 30. Nd1 Bc4 31. Nc3 e4 32. Ng5 h6 33. Ngxe4+ fxe4 34. Nxe4+ Nxe4 35. Bxe4 Bf7 36. Bg7 Bd2 37. Bf8+ Kc7 38. g3 h5 39. Kg2 Nd4 40. h3 Ne6 41. Ba3 Ng5 42. Ba8 Be8 43. f4 Ne6 44. Be4 Bc6 45. Bxc6 Kxc6 46. Be7 Kd5 47. Kf3 Nd4+ 48. Kg2 Ke4 49. Bd8 Nc6 50. Bb6 Bc3 51. Bc7 Bd2 52. Bb6 Na5 53. Bc7 Nc4 54. Kf2 Bb4 55. Ke2 Bc5 56. a5 Bg1 57. Bd8 Bc5 58. Bc7 Be3 59. Bd8 Bd2 60. a6 Be3 61. Bc7 Ba7 62. Bd8 Ne3 63. Bc7 Nd5 64. Bd6 Nc3+ 65. Kd2 Nb5 66. Be5 Nd4 67. g4 hxg4 68. hxg4 Nf3+ 0-1